تنوع مصادر المياه و مشروعات التوسع الزراعى : (Record no. 62488)
[ view plain ]
| 000 -الفاتح | |
|---|---|
| حقل البيانات ثابتة الطول | 01311nam a22002537a 4500 |
| 005 - وقت وتاريخ اخر تعامل مع التسجيلة | |
| رقم الضبط | 20240530110552.0 |
| 008 - عناصر البيانات ثابتة الطول - معلومات عامة | |
| حقل البيانات ثابتة الطول | 160725s2014 ua adh f 000 0 ara d |
| 017 ## - رقم الايداع القانونى | |
| رقم الايداع القانونى | 2013/21375 ( ج 1 ) |
| المصدر ( الهيئة المختصة) | مصر . دار الكتب المصرية |
| 017 ## - رقم الايداع القانونى | |
| رقم الايداع القانونى | 2013/21376 ( ج 2 ) |
| المصدر ( الهيئة المختصة) | مصر . دار الكتب المصرية |
| 020 ## - الرقم الدولى المعيارى للكتب | |
| الرقم الدولى المعيارى للكتاب | 9789774114954 ( ج 1 ) |
| 020 ## - الرقم الدولى المعيارى للكتب | |
| الرقم الدولى المعيارى للكتاب | 9789774114961 ( ج 2 ) |
| 040 ## - مصدر الفهرسة | |
| وكالة الفهرسة الأصلية | EG-CaGPL |
| 082 04 - رقم تصنيف ديوى العشرى | |
| رقم الطبعة | 21 |
| رقم التصنيف | 915.3\ |
| رقم المادة | م ت |
| 100 0# - المدخل الرئيسى - إسم شخصى | |
| الإسم الشخصى | محمد ابراهيم حسن |
| 245 10 - بيان العنوان | |
| العنوان | تنوع مصادر المياه و مشروعات التوسع الزراعى : |
| بقية العنوان | دراسة جغرافية . |
| رقم الجزء/قسم العمل | الجزء الاول ، |
| اسم جزء/قسم العمل | الشرق الاوسط و التباين الاقليمى / |
| بيان المسئوليه,etc | محمد ابراهيم حسن ؛ اشراف على اعداده و قدم له السيد على شتا |
| 250 ## - بيان الطبعة | |
| بيان الطبعة | ط. 1 |
| 260 ## - PUBLICATION, DISTRIBUTION, ETC. (IMPRINT) | |
| تاريخ النشر أو التوزيع | 2014 . |
| 300 ## - الوصف المادى | |
| التعداد | 2 جزء : |
| تفاصيل ماديه اخرى للوعاء | ايض ؛ |
| أبعاد الوعاء | 24 سم + |
| المادة المصاحبة | جداول . |
| 500 ## - تبصرة عامة | |
| تبصرة عامة | الجزء الثانى ، الشمال الافريقى و التكامل الاقليمى |
| 650 04 - المدخل الاضافى بالموضوع-مصطلح موضوعى | |
| مصطلح موضوعي | العالم العربى |
| التقسيم الفرعي العام | جغرافيا |
| 650 04 - المدخل الاضافى بالموضوع-مصطلح موضوعى | |
| مصطلح موضوعي | العالم العربى |
| التقسيم الفرعي العام | مصادر المياه |
| 700 0# - المدخل الاضافى - اسم شخصى | |
| الإسم الشخصى | السيد على شتا |
| الدور | مشرف و معد |
| 942 ## - عناصر المدخل الإضافي( كوها) | |
| مصدر التصنيف او مخطط الترفيف | Dewey Decimal Classification |
| Koha [default] item type | كتاب |
| 260 ## - PUBLICATION, DISTRIBUTION, ETC. (IMPRINT) | |
| -- | القاهرة : |
| -- | المكتبة المصرية للنشر و التوزيع ، |
| حالة التراجع | حالة الفقد | حالة تلف | ليس للاعارة | المكان المؤقت | الموقع الحالى | تاريخ الاكتساب | اجمالي اﻻعارات | رقم الطلب | الباركود | تاريخ اخر مشاهدة | تاريخ تفعيل السعر | نوع وعاء كوها |
|---|---|---|---|---|---|---|---|---|---|---|---|---|
| مكتبة القاهرة الكبرى | مكتبة القاهرة الكبرى | 07/25/2016 | 915.3\ م ت | 162240 | 07/25/2016 | 07/25/2016 | كتاب | |||||
| مكتبة القاهرة الكبرى | مكتبة القاهرة الكبرى | 07/25/2016 | 915.3\ م ت | 162241 | 07/25/2016 | 07/25/2016 | كتاب |

